000 01092nam a22003617a 4500
001 BR2014002508
003 BR-BrBNA
005 20230928104430.0
007 ta
008 230509b bl.||||| |||| 00| 0 por d
040 _aBR-BrBNA
_bpor
_cBiblioteca Nacional de Agricultura
041 _a(Por)
072 _aF50; P33; F07
_b2120
090 _ 2120 BR2014002508
100 1 _aCarducci, C.E.
110 1 _aUniversidade Federal de Lavras, MG (Brasil)
_0Tese (Doutorado)
245 1 _aTomografia computada de raios-x na avaliação da porosidade de latossolos e sua relação com o desenvolvimento radicular de cafeeiros
260 3 _aLavras, MG (Brasil):
_c2013.
300 _a146 p.
500 _aSummaries (Eng, Por); Several bibliography; 17 illus3
650 _aCAFÉ
650 _aGESSO
650 _aLATOSSOLO
650 _aPOROSIDADE
650 _aRAIO X
650 _aCOMPUTADOR
650 _aCRESCIMENTO
650 _aSISTEMA DE CULTIVO
650 _aSISTEMA RADICULAR
650 _aMANEJO DO SOLO
909 _a202309
_bLucia
_c55
_dLucia Elande
942 _cBK
999 _c79875
_d79875